Vista normal
Vista MARC
Entrada Personal Name
Número de registros utilizados en: 2
001 - CONTROL NUMBER
- control field: 16693
003 - CONTROL NUMBER IDENTIFIER
- control field: DLC
005 - DATE AND TIME OF LATEST TRANSACTION
- control field: 20250131092958.0
008 - FIXED-LENGTH DATA ELEMENTS
- fixed length control field: 130117n| azannaabn |n aaa
010 ## - LIBRARY OF CONGRESS CONTROL NUMBER
- LC control number: n 2013002718
035 ## - SYSTEM CONTROL NUMBER
- System control number: (CaEvSKY)skya10103308
040 ## - CATALOGING SOURCE
- Original cataloging agency: DLC
- Language of cataloging: spa
- Transcribing agency: Mx-PuUPA
- Description conventions: rda
- Modifying agency: MX-SlUA
- Modifying agency: Mx-PuUPA
053 #0 - LC CLASSIFICATION NUMBER
- Classification number element--single number or beginning number of span: PS3613.I547
100 1# - HEADING--PERSONAL NAME
- Personal name: Miller, Raine,
374 ## - OCCUPATION
- Occupation: Autora
- Occupation: Profesora
375 ## - GENDER
- Gender: mujer
377 ## - ASSOCIATED LANGUAGE
- Language code: eng
670 ## - SOURCE DATA FOUND
- Source citation: All in, 2013:
- Information found: ECIP t.p. (Raine Miller) data view (lives in California)
670 ## - SOURCE DATA FOUND
- Source citation: El affaire Blackstone, 2012:
- Information found: title page (Raine Miller)